Votive offerings to Hathor
Αποθηκεύτηκε σε:
| Κύριος συγγραφέας: | |
|---|---|
| Μορφή: | Βιβλίο |
| Γλώσσα: | English |
| Δημοσίευση: |
Oxford :
Griffith Institute, Ashmolean Museum,
1993
|
| Θέματα: | |
| Ετικέτες: |
Προσθήκη ετικέτας
Δεν υπάρχουν, Καταχωρήστε ετικέτα πρώτοι!
|
MARC
| LEADER | 00000nam a2200000 i 4500 | ||
|---|---|---|---|
| 001 | 1/74057 | ||
| 008 | 080209s1993 eng d | ||
| 020 | |a 0-900416-54-8 (hbk.) | ||
| 035 | |l 10094542 | ||
| 040 | |a GR-MY-UA |b gre |e aacr | ||
| 041 | 0 | |a eng | |
| 082 | 0 | |a 299.31 |2 (22) | |
| 100 | 1 | |a Pinch, Geraldine. | |
| 245 | 1 | 0 | |a Votive offerings to Hathor / |c Geraldine Pinch |
| 260 | |a Oxford : |b Griffith Institute, Ashmolean Museum, |c 1993 | ||
| 300 | |a xxiv, 408 σ.; |b φωτ., χάρτες, σχέδια; |c 24 εκ. | ||
| 504 | |a Βιβλιογραφία: σ. 363-393. Ευρετήριο | ||
| 650 | 0 | 0 | |a Hathor (Egyptian deity) |
| 650 | 0 | 0 | |a Votive offerings |z Egypt. |
| 651 | 0 | |a Egypt |x Religion. | |
| 651 | 0 | |a Egypt |x Antiquities. | |
| 852 | |a INST |b RHODES |e 20080209 |h 299.31 PIN |p 005400030008 |q 005400030008 |t BK |y 0 | ||
| 901 | |a BIBL4-2008-1 | ||
| 909 | |a Ρ |b 145312 | ||
| 922 | |a 4ΕΛΗ |b 200801 |c ΕΠΕΑΕΚ2/ΤΜΣ |d ΠΑΠΑΣΩΤΗΡΙΟΥ | ||
| 970 | |a ΧΑΡΙΟΠΟΛΙΤΟΥ |b ΚΩΝΣΤΑΝΤΙΝΑ |z 2008/02/09 | ||